000 00267nam a2200133Ia 4500
100 _aJim Ras
942 _cBK
654 _aComputer
245 _aWrite TSRS Now
260 _bB.P.B. Pub
_aNew Delhi
_c1994
082 _a5.1
_bPAN
546 _aENGLISH
999 _c30999
_d30999